| 000 | 01143nam0a2200313 4500 | ||
|---|---|---|---|
| 001 | RU\NLR\bibl\907417 | ||
| 005 | 20260406132510.0 | ||
| 010 |
_a5-699-07850-9 _95100 |
||
| 021 |
_aRU _b2005-84494 _94182 |
||
| 035 | _a(NLR Aleph) 000895788 | ||
| 090 |
_a1746692 _c1746692 |
||
| 100 | _a20060215d2005 |||y0rusy50 ca | ||
| 101 | 0 | _arus | |
| 102 | _aRU | ||
| 105 | _ay ||||||||| | ||
| 200 | 1 |
_aБратва: разборки без понятий _e[повести] _fЕвгений Монах |
|
| 210 |
_aМосква _cЭксмо _d2005 |
||
| 215 |
_a315, [2] с. _d17 |
||
| 225 | 1 | _aЯ - вор в законе | |
| 327 | 1 | _aСодерж.: Труп в шкафу; Шахматный ход; Воровской сходняк; Все к лучшему; Нонсенс; Волки не оглядываются назад | |
| 686 | _aШ6(2=Р)75-446 | ||
| 700 | 1 |
_4070 _8rus _7ca _aМонах _bЕ. М. _gЕвгений Михайлович _3RU\NLR\auth\771902 _9111919 |
|
| 801 | 0 |
_aRU _bNLR _c20060215 _grcr |
|
| 801 | 1 |
_aRU _bNLR _c20060215 |
|
| 942 | _cBOOK | ||
| 980 | _aNB | ||